| 000 | 00614nam a2200181Ia 4500 | ||
|---|---|---|---|
| 008 | 151018s9999 xx 000 0 und d | ||
| 082 |
_bRBASDV23351 _a891.463 |
||
| 100 | _aदिवाकर वाडेगांवकर | ||
| 245 | _aउत्तरायण | ||
| 250 | _b1 | ||
| 260 |
_bराजेंद्र प्रकाशन ठाणे _c1991 |
||
| 300 | _a105 | ||
| 600 | _aदिवाकर वाडेगांवकर | ||
| 630 | _aउत्तरायण | ||
| 700 | _aदिवाकर वाडेगांवकर | ||
| 730 | _aउत्तरायण | ||
| 942 | _cBOOK | ||
| 999 |
_c1023007 _d1023004 |
||